000 00718nam a2200253Ia 4500
003 OSt
005 20220926013322.0
006 a|||||r|||| 00| 0
007 ta
008 220923b |||||||| |||| 00| 0 eng d
037 _cGeneral Book
040 _aRTL
_cRTL
_beng
041 _2eng
_aeng
082 _aXM8:8, K7
100 _aRobinson Richard D
_9250571
245 0 _aInternational mangement
260 _aNew York
_bHolt Rinehard and Winston
_c1967
300 _axiii, 178p
_ccm.
490 _aBasic Mangement Series. Ed by Huxley Madehcin
500 _aGlossary p 162-66
650 _aMultinational
942 _hXM8:8, K7
_cGB
_2CC
999 _c625702
_d625702